Statistics for Inside the body

Click here to take the quiz!

General Stats

  • This quiz has been taken 20 times
  • The average score is 13 of 19

Answer Stats

systemAnswer% Correct
heart
100%
respiratorylungs
100%
stomach
100%
liver
89%
small intestine
78%
large intestine
78%
muscularmuscles
78%
bladder
78%
skeletalbones
78%
veins
72%
nervousbrain
72%
gall bladder
61%
urinarykidneys
56%
arteries
56%
digestivePancreas
56%
esophagus
44%
circulatoryblood
44%
trachea
28%
spinal cord
22%

Score Distribution

Percentile by Number Answered

Percent of People with Each Score

Your Score History

You have not taken this quiz